載入...

Darsananagalude rithubhethangal

書目詳細資料
主要作者: Sachidanandan
LEADER 00185 a2200097 4500
020
260
942 |c BK  |6 _ 
245 |a Darsananagalude rithubhethangal 
100 |a Sachidanandan 
999 |c 63444  |d 63444